000 00629cab a2200229 4500
001 WB3445-35
008 090401t1998 xxu||||| |||| 00| 0 eng d
035 _a(Sirsi) u89968
041 _aeng
245 _aCrofting rules proposed
260 _c1998
350 _a0
490 _aScotsman
_v25 November 1998, 10(1)
520 _aThe new Scottish parliament could introduce legislation to force crofters to sublet their land if their properties become derelict.
650 _aCROFTERS
650 _aCROFTING
650 _aDERELICT LAND
650 _aSCOTLAND
690 _aLAND
942 _n0
948 _c26/11/1998
999 _c56965
_d56965